000 00636nam a2200229Ia 4500
999 _c41208
_d41208
001 7860
003 GE_BSU
005 20220927123922.0
008 181216s2012en xx |||||||||||||| ||eng||
020 _a9780582529199
040 _cGE_BSU
041 _aeng
080 _a811.111(075) B-96
100 _aBurger, Sally
_914850
245 _aGoing for GOLD. Upper intermediate :
_bLanguage maximizer /
_cSally Burger.
264 _aEngland :
_bLongman,
_c2012.
300 _a136 p.:
_bIll;+CD
_c27 cm.
653 _aGoing for GOLD
653 _aLanguage maximizer
653 _aინგლისური ენა
942 _cBK
_2udc